| 000 | 00663 a2200169 4500 | ||
|---|---|---|---|
| 005 | 20250612114606.0 | ||
| 020 | _a978-0-07-338124-4 | ||
| 082 | _a658.401 THO | ||
| 100 | _aTHOMPSON, A. A. | ||
| 245 | _aCrafting and Executing Strategy : The Quest for Competitive Advantage Concepts and Cases. | ||
| 250 | _a16th Ed. | ||
| 260 |
_aNew York, _bMcGraw-Hill-Irwin, _c2008. |
||
| 300 |
_axlvi,494p.: ill.; chart, figure, graph, picture, table. _bIndex, _c26cm. |
||
| 700 | _aSTRICKLAND, A. J. & GAMBLE, J. E | ||
| 856 |
_yAccess Online Book _fCrafting and Executing Strategy : The Quest for Competitive Advantage Concepts and Cases _dwww.mhhe.com |
||
| 942 |
_2ddc _cBKS |
||
| 999 |
_c2274 _d2274 |
||